pictures of random countries - Statistics

General Stats
  • This quiz has been taken 15 times
  • The average score is 8 of 16
Answer Stats
Picture Answer % Correct
USA
100%
UK
91%
Australia
82%
Greece
82%
Italy
82%
Japan
82%
Canada
64%
Brazil
55%
Monaco
45%
Netherlands
45%
Russia
45%
South africa
27%
Luxembourg
18%
Vatican city
18%
Cape Verde
0%
Tuvalu
0%
No matching quizzes found
Score Distribution
Percent of People with Each Score
Percentile by Number Answered
Your Score History
You have not taken this quiz